000 00480nam a2200181Ia 4500
003 GCL
008 140319s9999 xx 000 0 eng d
040 _aGCL /
_cGCL
082 0 4 _a820.9
_bG I
100 1 _aGORLACH, MANFRED
245 1 0 _aINTRODUCTION TO EARLY MODERN ENGLISH /
_cGORLACH, MANFRED
260 _a[S.N] :
_bCAMBRIBGE UNIVERSITY PRESS ،
_c1990
650 0 4 _aGRAMMAR
650 0 4 _aENGLISH LANGUAGE
650 0 4 _aTEXT
650 0 4 _aEARLY MODERN
942 _2ddc
_cBK
999 _c24629
_d24629